| 000 | 00441nam a2200169Ia 4500 | ||
|---|---|---|---|
| 003 | GCL | ||
| 008 | 140319s9999 xx 000 0 eng d | ||
| 040 |
_aGCL / _cGCL |
||
| 082 | 0 | 4 |
_a540 _bS A |
| 100 | 1 | _aSHARMA, D. S. | |
| 245 | 1 | 0 |
_aAN INTRODUCTION TO PRACTICAL CHEMISTRY / _cSHARMA, D. S. |
| 700 | 1 | _aSHARMA, K. K. | |
| 260 |
_a[S.N] : _bVIKAS PUBLISHING HOUSE ، _c1994 |
||
| 300 | _a300 P | ||
| 650 | 0 | 4 | _aCHEMISTRY |
| 942 |
_2ddc _cBK |
||
| 999 |
_c20475 _d20475 |
||